[Event "1. Bundesliga 2018/2019"]
[Site "Jenbach"]
[Date "2019.04.01"]
[Round "11"]
[Board "1"]
[White "Nisipeanu, Liviu-Dieter"]
[Black "Schramm, Christian"]
[Result "1-0"]
[WhiteElo "2680"]
[BlackElo "2360"]
[PlyCount "79"]
[EventDate "2018.11.15"]
[EventType "team"]
[EventRounds "11"]
[EventCountry "AUT"]
[WhiteTeam "Schachklub Sparkasse Jenbach"]
[BlackTeam "SIR Salzburg"]

1.e4 c6 2.d4 d5 3.exd5 cxd5 4.Nf3 Nc6 5.c3 g6 6.Bb5 Bg7 7.Ne5 Bd7 8.Nxd7 Qxd7 9.O-O
e6 10.Nd2 a6 11.Bd3 Nge7 12.Nf3 O-O 13.Re1 Nc8 14.h4 Nd6 15.h5 f5 16.hxg6 hxg6 17.Ng5
Rae8 18.Bf4 Ne4 19.Nh3 Bf6 20.Re3 Re7 21.Bxe4 dxe4 22.Rg3 Kf7 23.Bg5 Ke8 24.Nf4 Bxg5
25.Rxg5 Rh7 26.Nxg6 Rg8 27.Ne5 Rxg5 28.Nxd7 Kxd7 29.f4 Rgh5 30.Kf2 Ne7 31.Qb3 b5 32.a4
Rh4 33.axb5 Nd5 34.bxa6 Rxf4+ 35.Ke2 Rh2 36.Qb7+ Kd6 37.Rg1 e3 38.a7 Rf2+ 39.Kd3 Rh8
40.Qb8+ 1-0

[Event "1. Bundesliga 2018/2019"]
[Site "Jenbach"]
[Date "2019.04.01"]
[Round "11"]
[Board "2"]
[White "Durakovic, Alman"]
[Black "Volokitin, Andrei"]
[Result "0-1"]
[WhiteElo "2283"]
[BlackElo "2637"]
[PlyCount "64"]
[EventDate "2018.11.15"]
[EventType "team"]
[EventRounds "11"]
[EventCountry "AUT"]
[WhiteTeam "SIR Salzburg"]
[BlackTeam "Schachklub Sparkasse Jenbach"]

1.d4 Nf6 2.c4 e6 3.Nc3 Bb4 4.Qc2 d5 5.a3 Bxc3+ 6.Qxc3 c5 7.dxc5 d4 8.Qg3 Nc6 9.Nf3
e5 10.e4 Nh5 11.Qg5 Qxg5 12.Bxg5 h6 13.Bd2 f5 14.exf5 Bxf5 15.Nh4 Bh7 16.g4 Nf6 17.f3
e4 18.fxe4 Nxe4 19.Rg1 Nxc5 20.Nf5 Nb3 21.Rd1 O-O 22.Rg3 Rae8+ 23.Be2 Nc5 24.Bb4 Nxb4
25.axb4 d3 26.Rgxd3 Nxd3+ 27.Rxd3 Bxf5 28.gxf5 Rxf5 29.Rd2 Rh5 30.Rd8 Rxd8 31.Bxh5
Rd4 32.Bf3 Kf8 0-1

[Event "1. Bundesliga 2018/2019"]
[Site "Jenbach"]
[Date "2019.04.01"]
[Round "11"]
[Board "3"]
[White "Wagner, Dennis"]
[Black "Oberhofer, Cedric"]
[Result "1-0"]
[WhiteElo "2577"]
[BlackElo "2212"]
[PlyCount "110"]
[EventDate "2018.11.15"]
[EventType "team"]
[EventRounds "11"]
[EventCountry "AUT"]
[WhiteTeam "Schachklub Sparkasse Jenbach"]
[BlackTeam "SIR Salzburg"]

1.d4 Nf6 2.Nf3 g6 3.g3 Bg7 4.Bg2 O-O 5.O-O d5 6.c4 c6 7.Qb3 dxc4 8.Qxc4 Nbd7 9.Qc2
Nb6 10.Nc3 Bg4 11.Rd1 Qc8 12.a4 a5 13.e4 e5 14.dxe5 Nfd7 15.h3 Bxf3 16.Bxf3 Nxe5 17.Bg2
Qe6 18.f4 Ned7 19.Be3 Rfd8 20.e5 Bf8 21.Ne4 Nd5 22.Bd4 Be7 23.Qf2 f6 24.exf6 Bxf6
25.Nxf6+ N7xf6 26.Re1 Qf7 27.f5 Re8 28.fxg6 Qxg6 29.Rxe8+ Rxe8 30.Rf1 Nd7 31.Bxd5+
cxd5 32.Qf5 Qxf5 33.Rxf5 Re4 34.Rxd5 Nf8 35.Kf2 Ne6 36.Bc3 Rxa4 37.Rb5 Rc4 38.Rxa5
Nc5 39.Ke3 Re4+ 40.Kf3 Rc4 41.Ra8+ Kf7 42.Rh8 Kg6 43.Rg8+ Kf5 44.g4+ Ke6 45.Re8+ Kd6
46.Rd8+ Ke6 47.Rd4 Rxd4 48.Bxd4 Nb3 49.Bc3 Nc1 50.Ke3 Nb3 51.Kf4 Nc5 52.h4 Nd3+ 53.Kg5
Nf2 54.Bd4 h6+ 55.Kh5 Kd5 1-0

[Event "1. Bundesliga 2018/2019"]
[Site "Jenbach"]
[Date "2019.04.01"]
[Round "11"]
[Board "4"]
[White "Leeb, Simon"]
[Black "Shengelia, David"]
[Result "0-1"]
[WhiteElo "2178"]
[BlackElo "2530"]
[PlyCount "94"]
[EventDate "2018.11.15"]
[EventType "team"]
[EventRounds "11"]
[EventCountry "AUT"]
[WhiteTeam "SIR Salzburg"]
[BlackTeam "Schachklub Sparkasse Jenbach"]

1.d4 e6 2.c4 Nf6 3.a3 b6 4.Nf3 Ba6 5.Qc2 Bb7 6.Nc3 c5 7.dxc5 bxc5 8.Bg5 h6 9.Bf4 d6
10.Rd1 Qb6 11.h3 Be7 12.e3 Nbd7 13.Be2 a6 14.Bh2 g5 15.Kd2 Rg8 16.g4 Rb8 17.Kc1 Ne4
18.Rhf1 Nxc3 19.Qxc3 Bxf3 20.Bxf3 Bf6 21.Rxd6 Bxc3 22.Rxb6 Rxb6 23.bxc3 e5 24.Rd1
Ke7 25.Be4 Rd6 26.Rd5 f6 27.f4 Rxd5 28.cxd5 Kd6 29.Bd3 Kxd5 30.Bxa6 Kd6 31.Bb5 Nb6
32.Kc2 Ra8 33.fxe5+ fxe5 34.Kd3 Nd5 35.a4 Nf6 36.c4 Ke6 37.Bc6 Rd8+ 38.Kc2 Kd6 39.Bg2
Rf8 40.Bg1 Rb8 41.a5 Rb4 42.a6 Rxc4+ 43.Kb3 Rb4+ 44.Ka3 Rb1 45.Ka2 Rb5 46.Bb7 Nd5
47.Ka3 Nc3 0-1

[Event "1. Bundesliga 2018/2019"]
[Site "Jenbach"]
[Date "2019.04.01"]
[Round "11"]
[Board "5"]
[White "Boensch, Uwe"]
[Black "Pflug, Mathias"]
[Result "1/2-1/2"]
[WhiteElo "2525"]
[BlackElo "2267"]
[PlyCount "145"]
[EventDate "2018.11.15"]
[EventType "team"]
[EventRounds "11"]
[EventCountry "AUT"]
[WhiteTeam "Schachklub Sparkasse Jenbach"]
[BlackTeam "SIR Salzburg"]

1.d4 Nf6 2.c4 g6 3.Nc3 Bg7 4.e4 d6 5.f3 O-O 6.Nge2 c5 7.Be3 Nc6 8.d5 Ne5 9.Ng3 e6
10.Be2 exd5 11.cxd5 Rb8 12.Qd2 a6 13.a4 Bd7 14.a5 Qc8 15.h3 Be8 16.f4 Ned7 17.O-O
h5 18.Nh1 b5 19.axb6 Rxb6 20.Nf2 Nh7 21.Ra2 f5 22.Rfa1 Nb8 23.e5 dxe5 24.Na4 Bxa4
25.Rxa4 exf4 26.Bxf4 Rxb2 27.Qd1 Re8 28.Bf1 Bd4 29.Rxd4 cxd4 30.Qxd4 Qb7 31.d6 Qg7
32.Qc4+ Kh8 33.Nd3 Rbe2 34.Bxe2 Qxa1+ 35.Bf1 Qg7 36.Be5 Nf6 37.Bd4 Nbd7 38.Qxa6 Kh7
39.Qa1 Qf7 40.Ne5 Nxe5 41.Bxe5 Nd7 42.Bf4 Qd5 43.Qa4 Rd8 44.Kh1 Ne5 45.Qa1 Nf7 46.Qa7
Kg8 47.Qc7 Qd1 48.Qc4 Kg7 49.Kh2 g5 50.Be2 Qa1 51.Bxh5 Qf6 52.Bxf7 gxf4 53.Be6 f3
54.gxf3 Qe5+ 55.f4 Qxd6 56.Qc3+ Kg6 57.Bc4 Qxf4+ 58.Qg3+ Qxg3+ 59.Kxg3 Rd4 60.Bb5
Kg5 61.Be2 Re4 62.Bf3 Rc4 63.Bd1 f4+ 64.Kf2 Rc3 65.Bg4 Kh4 66.Be6 Kg5 67.Bg4 Kf6 68.h4
Ke5 69.h5 Ke4 70.Bd1 Rc1 71.Bf3+ Kf5 72.Be2 Kg5 73.Kg2 1/2-1/2

[Event "1. Bundesliga 2018/2019"]
[Site "Jenbach"]
[Date "2019.04.01"]
[Round "11"]
[Board "6"]
[White "Prodinger, Johannes"]
[Black "Schlosser, Philipp"]
[Result "0-1"]
[WhiteElo "1954"]
[BlackElo "2519"]
[PlyCount "90"]
[EventDate "2018.11.15"]
[EventType "team"]
[EventRounds "11"]
[EventCountry "AUT"]
[WhiteTeam "SIR Salzburg"]
[BlackTeam "Schachklub Sparkasse Jenbach"]

1.d4 Nf6 2.Nf3 e6 3.e3 b6 4.Bd3 Bb7 5.Nbd2 c5 6.O-O Nc6 7.c3 Qc7 8.Qe2 d5 9.e4 cxd4
10.Nxd4 Nxd4 11.cxd4 dxe4 12.Nxe4 Nd5 13.Bb5+ Bc6 14.Bd2 Bxb5 15.Qxb5+ Qd7 16.Qa6
Be7 17.Rac1 O-O 18.Rc4 Rfc8 19.Rfc1 Rxc4 20.Rxc4 Rb8 21.a3 h6 22.g3 Rb7 23.Nc3 Nf6
24.Bf4 b5 25.Rc6 b4 26.Nb5 bxa3 27.bxa3 Nd5 28.Bd2 Kh7 29.Ba5 Rb6 30.Rxb6 axb6 31.Bd2
Qc6 32.Qa4 Nc7 33.Nc3 Qxa4 34.Nxa4 Nd5 35.Bb4 Bf6 36.Bc3 Nxc3 37.Nxc3 Bxd4 38.Nb5
Bc5 39.Kg2 e5 40.h4 Kg6 41.a4 Kf5 42.Nc3 Bd4 43.Nd5 Ke6 44.Nc7+ Kd7 45.Nb5 Kc6 0-1

[Event "1. Bundesliga 2018/2019"]
[Site "Jenbach"]
[Date "2019.04.01"]
[Round "11"]
[Board "1"]
[White "Abasov, Nijat"]
[Black "Lizak, Peter"]
[Result "1-0"]
[WhiteElo "2633"]
[BlackElo "2472"]
[PlyCount "47"]
[EventDate "2018.11.15"]
[EventType "team"]
[EventRounds "11"]
[EventCountry "AUT"]
[WhiteTeam "SV Raika Rapid Feffernitz"]
[BlackTeam "Data Technology Pressbaum"]

1.d4 b6 2.e4 Bb7 3.Bd3 g6 4.f4 Nf6 5.Qe2 d5 6.e5 Ne4 7.Nd2 Nxd2 8.Bxd2 c5 9.c3 e6
10.Nf3 Be7 11.O-O a5 12.Be3 Ba6 13.Bb5+ Kf8 14.g4 h5 15.f5 Bxb5 16.Qxb5 gxf5 17.gxf5
exf5 18.dxc5 f4 19.Bxf4 Bxc5+ 20.Kh1 Qd7 21.Qd3 Qa4 22.Ng5 Qc4 23.Qf5 d4 24.e6 1-0

[Event "1. Bundesliga 2018/2019"]
[Site "Jenbach"]
[Date "2019.04.01"]
[Round "11"]
[Board "2"]
[White "Videki, Sandor"]
[Black "Danin, Alexandre"]
[Result "1/2-1/2"]
[WhiteElo "2380"]
[BlackElo "2511"]
[PlyCount "47"]
[EventDate "2018.11.15"]
[EventType "team"]
[EventRounds "11"]
[EventCountry "AUT"]
[WhiteTeam "Data Technology Pressbaum"]
[BlackTeam "SV Raika Rapid Feffernitz"]

1.c4 Nf6 2.Nf3 c5 3.d4 cxd4 4.Nxd4 e6 5.Nc3 a6 6.a3 Qc7 7.e4 Be7 8.Be2 b6 9.Be3 Bb7
10.f3 d6 11.O-O O-O 12.Qd2 Nbd7 13.Rac1 Rac8 14.Rc2 Qb8 15.b4 Bd8 16.Kh1 Bc7 17.Bg1
Kh8 18.Nb3 Rg8 19.Qg5 Rge8 20.Rd1 Bd8 21.Qd2 Bc7 22.Qg5 Bd8 23.Qd2 Bc7 24.Qg5 1/2-1/2

[Event "1. Bundesliga 2018/2019"]
[Site "Jenbach"]
[Date "2019.04.01"]
[Round "11"]
[Board "3"]
[White "Schreiner, Peter"]
[Black "Hechl, Gerald"]
[Result "1-0"]
[WhiteElo "2477"]
[BlackElo "2356"]
[PlyCount "77"]
[EventDate "2018.11.15"]
[EventType "team"]
[EventRounds "11"]
[EventCountry "AUT"]
[WhiteTeam "SV Raika Rapid Feffernitz"]
[BlackTeam "Data Technology Pressbaum"]

1.d4 d5 2.c4 dxc4 3.Nf3 Nd7 4.Qa4 c6 5.Qxc4 Ngf6 6.Nc3 g6 7.e4 Nb6 8.Qb3 Bg4 9.Be3
Bxf3 10.gxf3 Bg7 11.Be2 Qc7 12.O-O-O e6 13.Kb1 Nh5 14.e5 O-O-O 15.f4 Nd5 16.Nxd5 Rxd5
17.Bf3 Rhd8 18.Bxd5 Rxd5 19.f5 exf5 20.Qxd5 cxd5 21.Rc1 b6 22.Rxc7+ Kxc7 23.f3 Bf8
24.Kc2 Ng7 25.Bh6 Ne6 26.Bxf8 Nxf8 27.Kd3 Ne6 28.h4 h5 29.b4 a6 30.a4 Nd8 31.Rc1+
Kb7 32.a5 b5 33.Kd2 Nc6 34.Rc5 Nxd4 35.Rxd5 Nc6 36.f4 Nxb4 37.Rd7+ Kc6 38.Rxf7 Nd5
39.Ra7 1-0

[Event "1. Bundesliga 2018/2019"]
[Site "Jenbach"]
[Date "2019.04.01"]
[Round "11"]
[Board "4"]
[White "Ganaus, Hannes"]
[Black "Diermair, Andreas"]
[Result "0-1"]
[WhiteElo "2242"]
[BlackElo "2482"]
[PlyCount "50"]
[EventDate "2018.11.15"]
[EventType "team"]
[EventRounds "11"]
[EventCountry "AUT"]
[WhiteTeam "Data Technology Pressbaum"]
[BlackTeam "SV Raika Rapid Feffernitz"]

1.d4 Nf6 2.c4 e6 3.Nc3 Bb4 4.Nf3 d5 5.Qa4+ Nc6 6.e3 O-O 7.Bd2 dxc4 8.Bxc4 Bd6 9.Qc2
e5 10.dxe5 Nxe5 11.Nxe5 Bxe5 12.Bd3 Re8 13.O-O-O Qe7 14.Kb1 c5 15.h3 Bd7 16.f4 Bxc3
17.Bxc3 Bc6 18.Bxf6 Qxf6 19.Bxh7+ Kh8 20.Bd3 Rxe3 21.Rhe1 Rxe1 22.Rxe1 Rd8 23.g3 Qd4
24.Bf5 g6 25.Bg4 f5 0-1

[Event "1. Bundesliga 2018/2019"]
[Site "Jenbach"]
[Date "2019.04.01"]
[Round "11"]
[Board "5"]
[White "Sebenik, Matej"]
[Black "Neumeier, Klaus"]
[Result "1/2-1/2"]
[WhiteElo "2517"]
[BlackElo "2315"]
[PlyCount "85"]
[EventDate "2018.11.15"]
[EventType "team"]
[EventRounds "11"]
[EventCountry "AUT"]
[WhiteTeam "SV Raika Rapid Feffernitz"]
[BlackTeam "Data Technology Pressbaum"]

1.c4 c5 2.Nf3 Nf6 3.Nc3 Nc6 4.e3 g6 5.d4 cxd4 6.exd4 d5 7.cxd5 Nxd5 8.Qb3 Nxc3 9.Bc4
Nd5 10.Bxd5 e6 11.Bxc6+ bxc6 12.O-O f6 13.Be3 Qd5 14.Rfc1 Bd6 15.Nd2 Kd7 16.Qc2 Bb7
17.Ne4 Ke7 18.Nxd6 Kxd6 19.Qa4 Ke7 20.Rc5 Qd7 21.Rac1 Kf7 22.Ra5 a6 23.Qb4 Qe7 24.Qb6
Rhd8 25.h4 h5 26.Rc3 Rd7 27.Rac5 Qd8 28.Qb3 Qe7 29.Qc2 Rh8 30.Rb3 Rd5 31.Rb6 Rhd8
32.Rxd5 Rxd5 33.a4 Kg7 34.Qb3 Rd7 35.f3 Qf7 36.Qb4 Qe7 37.Qxe7+ Rxe7 38.Kf2 Kf7 39.g4
e5 40.g5 exd4 41.Bxd4 fxg5 42.hxg5 Ke6 43.Rb4 1/2-1/2

[Event "1. Bundesliga 2018/2019"]
[Site "Jenbach"]
[Date "2019.04.01"]
[Round "11"]
[Board "6"]
[White "Schmidrathner, Christian"]
[Black "Kavcic, Zan"]
[Result "1/2-1/2"]
[WhiteElo "2088"]
[BlackElo "2379"]
[PlyCount "59"]
[EventDate "2018.11.15"]
[EventType "team"]
[EventRounds "11"]
[EventCountry "AUT"]
[WhiteTeam "Data Technology Pressbaum"]
[BlackTeam "SV Raika Rapid Feffernitz"]

1.e4 c5 2.Nf3 Nc6 3.d4 cxd4 4.Nxd4 Nf6 5.Nc3 d6 6.Bg5 e6 7.Qd2 h6 8.Bxf6 gxf6 9.O-O-O
Nxd4 10.Qxd4 a6 11.Be2 Be7 12.Kb1 Qa5 13.Qa4+ Qxa4 14.Nxa4 Bd7 15.Nb6 Rd8 16.Nxd7
Rxd7 17.Rd3 Bd8 18.Rhd1 Rg8 19.g3 Ke7 20.f4 Bb6 21.a3 Rgd8 22.Bf3 Ba7 23.c3 Rc8 24.R1d2
Rcc7 25.b3 Bc5 26.Kb2 Ba7 27.Bd1 Rc8 28.g4 Bb8 29.f5 Rdd8 30.Bf3 1/2-1/2